000 00679cam a2200241 a 4500
001 14602326
005 20180314043222.0
008 061019s2008 njua 001 0 eng
010 _a 2006034956
020 _a0132384701
035 _a(DNLM)101290287
040 _aDNLM/DLC
_cDLC
_dDLC
041 _aeng
060 1 0 _aQV 748
_bO52m 2008
080 _a615.14 OLS
082 0 0 _a615.14 OLS
_222
100 _a5
101 _aFAR
245 1 0 _aMedical dosage calculations /
_cJune L. Olsen ... [et al].
906 _a7
_bcbc
_corignew
_d1
_eecip
_f20
_gy-gencatlg
942 _2ddc
_cBK
999 _c44938
_d44938